Corporate governance (Record no. 5212)
[ view plain ]
| 000 -LEADER | |
|---|---|
| fixed length control field | 00900nam a22001577a 4500 |
| 020 ## - INTERNATIONAL STANDARD BOOK NUMBER | |
| ISBN | 2008 |
| 050 ## - CALL NUMBER | |
| Classification number | HD2741 |
| Item number | .C67 |
| 110 ## - AUTHOR | |
| CORPORATE AUTHOR | ICSI |
| 245 ## - TITLE | |
| Title | Corporate governance |
| Remainder of title | modues for best practices |
| Statement of responsibility, etc | ICSI |
| 250 ## - EDITION | |
| Edition statement | 7th ed. |
| 260 ## - PUBLICATION INFORMATION | |
| Place of publication | New Delhi |
| Name of publisher | ICSI |
| Year of publication | 2008 |
| 300 ## - DESCRIPTION | |
| Number of Pages | i-17,754p. |
| 505 ## - FORMATTED CONTENTS NOTE | |
| Table of Content | 1. Introductory framework<br/>2. Board leadership<br/>3. Corporate sustainability, reporting and accounting<br/>4. Economic value added as a measure of wealth<br/>5. Select vision/mission statement and quotes<br/>6. Salient features of corporate governance requirements under the listing agreement<br/>7. Risk management<br/>8. Independent director: role in enhancing good corporate governance<br/>9. Corporate governance reporting-best practices<br/>10. Model codes for best practices<br/>11. corporate social responsibility<br/>12. Role of icsi in promoting good governance |
| 650 ## - SUBJECTS | |
| Topical Term | corporate governance |
| 942 ## - ADDED ENTRY ELEMENTS (KOHA) | |
| Koha item type | Books |
| Withdrawn status | Lost status | Collection code | Home library | Current library | Shelving location | Date acquired | Full call number | Accession Number | Koha item type |
|---|---|---|---|---|---|---|---|---|---|
| Reference | Methodist University Library Main | Methodist University Library Main | General Stacks | 17/01/2011 | HD2741 .C67 | 32871 | Books | ||
| Non-fiction | Methodist University Library Main | Methodist University Library Main | General Stacks | 17/01/2011 | HD2741 .C67 | 32868 | Books | ||
| Reference | Methodist University Library Main | Methodist University Library Main | General Stacks | 17/01/2011 | HD2741 .C67 | 32870 | Books | ||
| Non-fiction | Methodist University Library Main | Methodist University Library Main | General Stacks | 17/01/2011 | HD2741 .C67 | 32872 | Books | ||
| Reference | Methodist University Library Main | Methodist University Library Main | General Stacks | 17/01/2011 | HD2741 .C67 | 32869 | Books |